Historiadores de los siglos XVI y XVII

Furkejuvvon:
Bibliográfalaš dieđut
Váldodahkki: Gili Gaya, Samuel (Dahkki)
Materiálatiipa: Girji
Giella:espánnjágiella
Almmustuhtton: Madrid, España Instituto Escuela 1925
Ráidu:Biblioteca Literaria del Estudiante, 16
Fáttát:
Fáddágilkorat: Lasit fáddágilkoriid
Eai fáddágilkorat, Lasit vuosttaš fáddágilkora!

MARC

LEADER 00000nam a2200000 a 4500
001 UCO2788
003 CL-VaPUC
005 20210528001938.0
008 000608e19250000SP |||||||||||||||||spa|d
999 |c 289283  |d 289281 
040 |c Pontificia Universidad Católica de Valparaíso 
082 0 4 |a 946 GIL 1925  |2 21 
100 |a Gili Gaya, Samuel  |e author  |9 524203 
245 1 0 |a Historiadores de los siglos XVI y XVII 
260 |a Madrid, España  |b Instituto Escuela  |c 1925 
300 |a 252 páginas 
490 0 |a Biblioteca Literaria del Estudiante,  |v  16 
583 |a last modification  |c 20000608 00:00:00  |k Rodrigo Vera 
650 0 |a Historia de España  |y SIGLOS 16-17  |9 315435 
650 0 |a Historiadores  |z ESPAÑA  |9 314498 
852 |a BIBCUR 
942 |c BK  |2 ddc 
945 |d 20000608 00:00:00  |a rherrera 
952 |0 0  |1 0  |2 ddc  |4 0  |6 946_000000000000000_GIL_1925  |7 0  |8 X  |9 337551  |a BIBHIS  |b BIBHIS  |d 2019-11-20  |i 1287362  |o 946 GIL 1925  |p 1287362  |r 2024-01-30  |t 1  |w 2019-11-20  |y BK_X  |k HIS